Library Banner

Khutbaat-e-Hakim-ul-Ummat Haqeeqat-e-Tassawwaf-O-Taqwa (Record no. 16015)

MARC details
000 -LEADER
fixed length control field 00462nam a2200157Ia 4500
001 - CONTROL NUMBER
control field 15519
008 - FIXED-LENGTH DATA ELEMENTS--GENERAL INFORMATION
fixed length control field 140403s9999 xx 000 0 und d
040 ## - CATALOGING SOURCE
Transcribing agency PK-LaUMT
082 ## - DEWEY DECIMAL CLASSIFICATION NUMBER
Classification number 297.4
Item number MUH-H
100 ## - MAIN ENTRY--PERSONAL NAME
Personal name Muhammad Ashraf Ali Thanavi
245 ## - TITLE STATEMENT
Title Khutbaat-e-Hakim-ul-Ummat Haqeeqat-e-Tassawwaf-O-Taqwa
Statement of responsibility, etc Muhammad Ashraf Ali Thanavi
260 ## - PUBLICATION, DISTRIBUTION, ETC. (IMPRINT)
Place of publication, distribution, etc Multan,Pakistan:
Name of publisher, distributor, etc Idarah-e-Taleef-e-Ashrafia,
Date of publication, distribution, etc 1994
300 ## - PHYSICAL DESCRIPTION
Extent 559 (vol)
546 ## - LANGUAGE NOTE
Language note AR; UR
942 ## - ADDED ENTRY ELEMENTS (KOHA)
Koha item type Books
Holdings
Withdrawn status Lost status Damaged status Not for loan Home library Current library Date acquired Total Checkouts Full call number Barcode Date last seen Date checked out Price effective from Koha item type
        UMT Main Campus UMT Main Campus 2014-04-03 1 297.4 MUH-H 17986 2024-07-18 2024-07-13 2014-04-22 Books